Movies Quiz

Random Movies or Actor Quiz

Omar Sharif Movies Quiz Stats

Quiz Updated Jul 10, 2015

Challenge
Share
Tweet
Embed
Score 0/62 Timer 10:00
0 Plays Today
Year Movie % Correct
1962Lawrence of Arabia
85.2%
1965Doctor Zhivago
82.6%
1968Funny Girl
40.8%
1975Funny Lady
27.5%
1969Che!
21.3%
1965Genghis Khan
17.6%
2004Hidalgo
14.4%
1984Top Secret!
14.2%
1999The 13th Warrior
11.4%
1967The Night of the Generals
8.9%
1968Mayerling
8.5%
1974The Tamarind Seed
7.9%
1969Mackenna's Gold
7.2%
1973The Mysterious Island
7%
2003Monsieur Ibrahim
6.9%
1974Juggernaut
6.7%
1964The Yellow Rolls-Royce
6.1%
1971The Last Valley
6.1%
1981Green Ice
5.8%
1964Behold a Pale Horse
5.7%
1969The Appointment
5.7%
1971The Horsemen
5.6%
1964The Fall of the Roman Empire
5.5%
1979Bloodline
5.4%
1958Goha
5.1%
1990The Rainbow Thief
5%
1971The Burglars
4.8%
1980Oh Heavenly Dog
4.8%
1991Mother
4.8%
2006One Night with the King
4.8%
2013Rock the Casbah
4.6%
Year Movie % Correct
1965Marco the Magnificent
4.5%
1979Ashanti
4.4%
1967More Than a Miracle
4.2%
1961The River of Love
4.1%
2001The Parole Officer
4.1%
1976Crime and Passion
4%
1958No Tomorrow
3.9%
1980The Baltimore Bullet
3.8%
1980S+H+E: Security Hazards Expert
3.8%
1955Our Best Days
3.5%
1988Keys to Freedom
3.2%
1956The Lebanese Mission
3.1%
1992Beyond Justice
3.1%
1997Heaven Before I Die
3%
2009I Forgot to Tell You
3%
1957Land of Peace
2.9%
1959Struggle on the Nile
2.9%
1987Grand Larceny
2.9%
1956Dark Waters
2.8%
1959Lady of the Castle
2.8%
1961There Is a Man in Our House
2.7%
1988Les possédés
2.7%
1989The Puppeteer
2.7%
1954Siraa Fil-Wadi
2.6%
1988Paradise Calling
2.6%
1966Danger Grows Wild
2.4%
1972Le droit d'aimer
2.4%
2006Fire at My Heart
2.4%
2008Hassan wa Morcus
2.3%
1992Tengoku no Taizai
2.2%
1990Viaggio d'amor
2.1%

You're not logged in!

Compare scores with friends on all Sporcle quizzes.
Join for Free
OR
Log In

You Might Also Like...

Show Comments

Extras

Top Quizzes Today


Score Distribution

Your Account Isn't Verified!

In order to create a playlist on Sporcle, you need to verify the email address you used during registration. Go to your Sporcle Settings to finish the process.

Report this User

Report this user for behavior that violates our Community Guidelines.

Details: